| 000 | 00521nam a22001697a 4500 | ||
|---|---|---|---|
| 020 | _a9788131762189 | ||
| 082 | _a621.38412 LUD | ||
| 100 | _aLudwig, Reinhold. | ||
| 245 | _aRF circuit design : theory and applications | ||
| 250 | _a2nd ed. | ||
| 260 |
_aNew Delhi, India _bPearson Education _c2009 |
||
| 300 |
_axvi, 704 p. _bill. ; |
||
| 500 | _aIncludes bibliographical references and index. | ||
| 650 | _a1. Radio circuits --Design and construction. 2. Radio frequency. | ||
| 700 | _aBogdanov, Gene. | ||
| 942 | _cBK | ||
| 999 |
_c12586 _d12586 |
||